Stratégie de création de valeur pour le client

Saved in:
Bibliographic Details
Main Author: Montebello, Michel
Format: Book
Language:French
Published: Paris Economica 2003
Series:Collection Gestion: Politique générale, finance et marketing
Subjects:
Tags: Add Tag
No Tags, Be the first to tag this record!

MARC

LEADER 00000nam a2200000 4500
001 0210119
005 20240314091356.9
020 |a 2-7178-4690-5 
041 0 |a fre 
044 |a FR 
245 1 0 |a Stratégie de création de valeur pour le client  |c Michel Montebello 
264 1 |a Paris  |b Economica  |c 2003 
300 |a 221 s. 
490 1 |a Collection Gestion: Politique générale, finance et marketing 
830 0 |a Collection Gestion: Politique générale, finance et marketing 
610 2 0 |a hodnota 
610 2 0 |a klienti 
610 2 0 |a stratégia podniková 
610 2 0 |a kvalita služieb 
610 2 0 |a politika cenová 
610 2 0 |a ceny spotrebiteľské 
610 2 0 |a ceny konkurenčné 
610 2 0 |a modelovanie 
610 2 0 |a hodnota podniku 
100 1 |a Montebello, Michel